[Event "As Autumn"]
[Site "As"]
[Date "2019.10.10"]
[Round "5"]
[White "Ronbeck, Bjorn"]
[Black "Andersen, Odd"]
[Result "0-1"]
[WhiteElo "1585"]
[BlackElo "1745"]
[PlyCount "71"]
[EventDate "2019.08.29"]
[EventType "swiss"]
[EventRounds "9"]
[EventCountry "NOR"]
[SourceTitle "EXT 2024"]
[Source "ChessBase"]
[SourceDate "2023.10.10"]
[SourceVersion "1"]
[SourceVersionDate "2023.10.10"]
[SourceQuality "1"]

1. e4 c6 2. Nf3 d5 3. exd5 cxd5 4. d4 Nf6 5. h3 a6 6. Bd3 e6 7. 0-0 Bd6 8. Re1 Qc7 9. c3 Bd7 10. Bg5 Bc6 11. Bc2 Nbd7 12. a4 h6 13. Be3 a5 14. Bd2 g5 15. Kh1 g4 16. Ng1 gxh3 17. Nxh3 0-0-0 18. b4 Nb6 19. bxa5 Nc4 20. a6 bxa6 21. Bd3 Rdg8 22. Qe2 a5 23. Bxc4 dxc4 24. f3 Bd5 25. Na3 Qc6 26. Nb5 Kd7 27. Nxd6 Qxd6 28. Bf4 Qc6 29. Be5 Nh5 30. Qf2 f6 31. Bh2 f5 32. Ra2 Rg6 33. Rb2 Rhg8 34. Rg1 Ng3+ 35. Bxg3 Rxg3 36. Rgb1 0-1

[Event "As Autumn"]
[Site "As"]
[Date "2019.08.29"]
[Round "1"]
[White "Ronbeck, Bjorn"]
[Black "Petersen, Rune J"]
[Result "1-0"]
[WhiteElo "1585"]
[BlackElo "1202"]
[PlyCount "73"]
[EventDate "2019.08.29"]
[EventType "swiss"]
[EventRounds "9"]
[EventCountry "NOR"]
[SourceTitle "EXT 2024"]
[Source "ChessBase"]
[SourceDate "2023.10.10"]
[SourceVersion "1"]
[SourceVersionDate "2023.10.10"]
[SourceQuality "1"]

1. e4 e5 2. Nf3 Nc6 3. Bb5 Nf6 4. Bxc6 bxc6 5. 0-0 d6 6. d3 Be7 7. b3 c5 8. Bb2 Bg4 9. Nbd2 0-0 10. Qc1 Bxf3 11. Nxf3 Ng4 12. h3 Nf6 13. Re1 Nh5 14. Bc3 Nf4 15. Bd2 Bg5 16. Nxg5 Qxg5 17. Bxf4 exf4 18. Qd1 f5 19. Qf3 fxe4 20. dxe4 Qe5 21. c3 Rf6 22. Rad1 Re8 23. Rd2 Qg5 24. Rd5 Re5 25. Rxe5 dxe5 26. b4 Ra6 27. Ra1 cxb4 28. cxb4 Rd6 29. a3 Rd4 30. Rc1 Qd8 31. Rc5 Rd1+ 32. Kh2 Rd3 33. Qg4 Rxa3 34. Qe6+ Kh8 35. Rxe5 Rxh3+ 36. Kxh3 Qd3+ 37. Kh2 1-0

[Event "As Follo CC-chB"]
[Site "As"]
[Date "2019.03.14"]
[Round "8"]
[White "Thowsen, Alf Geir"]
[Black "Ronbeck, Bjorn"]
[Result "1/2-1/2"]
[WhiteElo "1400"]
[BlackElo "1543"]
[PlyCount "72"]
[EventDate "2019.01.10"]
[EventType "swiss"]
[EventRounds "9"]
[EventCountry "NOR"]
[SourceTitle "EXT 2024"]
[Source "ChessBase"]
[SourceDate "2023.10.10"]
[SourceVersion "1"]
[SourceVersionDate "2023.10.10"]
[SourceQuality "1"]

1. d4 d5 2. c4 c6 3. Nc3 dxc4 4. e3 b5 5. a3 Nf6 6. Nf3 e6 7. g3 Nbd7 8. Bg2 Bb7 9. 0-0 Be7 10. Re1 0-0 11. Nd2 Nd5 12. Qc2 Qb6 13. Ne2 a6 14. e4 N5f6 15. Nf3 c5 16. dxc5 Bxc5 17. Nc3 Ng4 18. Nd1 e5 19. h3 Ngf6 20. Nc3 Rfe8 21. Be3 Nh5 22. Nd5 Bxd5 23. exd5 Bxe3 24. Rxe3 Nxg3 25. Ng5 g6 26. Rxg3 Nc5 27. Rd1 Rad8 28. Ne4 Nd3 29. Nc3 Rd6 30. Bf1 Nc5 31. Rf3 Qd8 32. Re1 f5 33. Rfe3 Qg5+ 34. Rg3 Qf6 35. Rge3 Qg5+ 36. Rg3 Qf6 1/2-1/2

[Event "As Follo CC-chB"]
[Site "As"]
[Date "2019.02.28"]
[Round "4"]
[White "Aamodt, Peder Marcus"]
[Black "Ronbeck, Bjorn"]
[Result "0-1"]
[WhiteElo "1384"]
[BlackElo "1543"]
[PlyCount "106"]
[EventDate "2019.01.10"]
[EventType "swiss"]
[EventRounds "9"]
[EventCountry "NOR"]
[SourceTitle "EXT 2024"]
[Source "ChessBase"]
[SourceDate "2023.10.10"]
[SourceVersion "1"]
[SourceVersionDate "2023.10.10"]
[SourceQuality "1"]

1. e4 c5 2. Nf3 d6 3. c3 Nc6 4. Bb5 Bd7 5. d3 Nf6 6. Bg5 e6 7. Nbd2 Be7 8. Nc4 Qc7 9. Bxc6 Bxc6 10. Ne3 Qb6 11. Nc4 Qc7 12. Ne3 0-0 13. h3 b5 14. Ng4 Qd8 15. Bxf6 Bxf6 16. Nxf6+ Qxf6 17. Qd2 Rfd8 18. Qg5 Qxg5 19. Nxg5 h6 20. Nf3 c4 21. dxc4 bxc4 22. Nd2 d5 23. f3 Rd7 24. Ke2 Bb5 25. Ke3 Rad8 26. exd5 Rxd5 27. Rhd1 Ba4 28. b3 cxb3 29. axb3 Bxb3 30. Nxb3 Rxd1 31. Rxd1 Rxd1 32. c4 Kf8 33. Ke2 Rb1 34. Nc5 Rb2+ 35. Kd3 Rxg2 36. Nb7 Ke7 37. Kd4 Rb2 38. Na5 Kd7 39. Kc5 Rf2 40. Kb5 Rxf3 41. Nc6 Rb3+ 42. Kc5 f5 43. Nxa7 f4 44. Nc6 Rxh3 45. Ne5+ Kc7 46. Ng4 h5 47. Nf2 Rh2 48. Ne4 f3 49. Kd4 f2 50. Nd2 Rh1 51. c5 Rd1 52. c6 f1Q 53. Ke5 Rxd2 0-1

[Event "As Autum"]
[Site "As"]
[Date "2018.12.06"]
[Round "9"]
[White "Furnes, Torstein"]
[Black "Ronbeck, Bjorn"]
[Result "0-1"]
[WhiteElo "1787"]
[BlackElo "1500"]
[PlyCount "66"]
[EventDate "2018.08.30"]
[EventType "swiss"]
[EventRounds "9"]
[EventCountry "NOR"]
[SourceTitle "EXT 2024"]
[Source "ChessBase"]
[SourceDate "2023.10.10"]
[SourceVersion "1"]
[SourceVersionDate "2023.10.10"]
[SourceQuality "1"]

1. d4 d5 2. c4 e6 3. Nc3 Nf6 4. Bg5 Bb4 5. e3 Nbd7 6. Nf3 h6 7. Bh4 g5 8. Bg3 Ne4 9. Rc1 0-0 10. Bd3 Bxc3+ 11. bxc3 Nxg3 12. hxg3 Kg7 13. cxd5 exd5 14. Bc2 Nf6 15. Ne5 Qd6 16. Bb1 Rh8 17. Qc2 c5 18. f3 Be6 19. Kf2 b5 20. Rh2 Nd7 21. f4 Nf6 22. Rch1 Ne4+ 23. Kf3 cxd4 24. cxd4 Rac8 25. Qb2 f6 26. Ng4 f5 27. Bxe4 fxe4+ 28. Kf2 Bxg4 29. fxg5 h5 30. Rb1 Rhf8+ 31. Kg1 Qxg3 32. Qxb5 Qxe3+ 33. Kh1 Rc1+ 0-1

[Event "As Autum"]
[Site "As"]
[Date "2018.11.01"]
[Round "7"]
[White "Ronbeck, Bjorn"]
[Black "Olsen, Trygve"]
[Result "1-0"]
[WhiteElo "1500"]
[BlackElo "1542"]
[PlyCount "57"]
[EventDate "2018.08.30"]
[EventType "swiss"]
[EventRounds "9"]
[EventCountry "NOR"]
[SourceTitle "EXT 2024"]
[Source "ChessBase"]
[SourceDate "2023.10.10"]
[SourceVersion "1"]
[SourceVersionDate "2023.10.10"]
[SourceQuality "1"]

1. e4 c5 2. Nf3 Nc6 3. d4 cxd4 4. Nxd4 e5 5. Nb5 d6 6. N1c3 a6 7. Na3 Nf6 8. Bg5 Be7 9. Nc4 b5 10. Bxf6 gxf6 11. Ne3 Nd4 12. Ncd5 Bf8 13. c3 Nc6 14. Qf3 Bg7 15. Qg3 0-0 16. Be2 Kh8 17. Bg4 Ne7 18. Bxc8 Rxc8 19. Nxe7 Rc7 20. N3f5 Rg8 21. Nxg8 Qxg8 22. Qxg7+ Qxg7 23. Nxg7 Kxg7 24. Rd1 Rc6 25. Ke2 Kf8 26. Rd3 Ke7 27. Rh3 b4 28. Rc1 a5 29. Rxh7 1-0

[Event "As CC-ch B"]
[Site "As"]
[Date "2018.03.08"]
[Round "7"]
[White "Olsen, Trygve"]
[Black "Ronbeck, Bjorn"]
[Result "1-0"]
[WhiteElo "1461"]
[BlackElo "1184"]
[PlyCount "149"]
[EventDate "2018.01.11"]
[EventType "swiss"]
[EventRounds "9"]
[EventCountry "NOR"]
[SourceTitle "EXT 2024"]
[Source "ChessBase"]
[SourceDate "2023.10.10"]
[SourceVersion "1"]
[SourceVersionDate "2023.10.10"]
[SourceQuality "1"]

1. e4 c5 2. Nf3 Nc6 3. Bc4 e6 4. a3 Nf6 5. e5 Nd5 6. d3 b5 7. Bxd5 exd5 8. 0-0 d4 9. c3 Be7 10. cxd4 cxd4 11. Nbd2 0-0 12. Nb3 f6 13. Nbxd4 Nxd4 14. Nxd4 fxe5 15. Nxb5 Rf6 16. Nc3 Rg6 17. Qe2 d5 18. Qxe5 Bh3 19. g3 Bxf1 20. Kxf1 Bf6 21. Qxd5+ Qxd5 22. Nxd5 Bd8 23. Be3 Rd6 24. Nf4 Bb6 25. Ke2 Re8 26. Kd2 Red8 27. Rc1 g5 28. Bxb6 axb6 29. Nh5 Rxd3+ 30. Ke1 Rd2 31. Nf6+ Kg7 32. Ne4 Rxb2 33. Nxg5 Re8+ 34. Kf1 h6 35. Nh3 Re7 36. Rc3 Ra7 37. Nf4 Ra2 38. Rb3 Rb7 39. Ne6+ Kf6 40. Nc5 Re7 41. Rxb6+ Kg7 42. Rb3 Re5 43. Rc3 Rh5 44. Kg2 Rf5 45. Nd3 Rf7 46. Nf4 Kh7 47. h4 Ra7 48. Kf3 R2xa3 49. Rxa3 Rxa3+ 50. Kg4 Ra2 51. f3 Ra5 52. h5 Kg7 53. Ng6 Kf6 54. f4 Ra1 55. Nh8 Ra3 56. Ng6 Ra8 57. Kh4 Ra1 58. Kg4 Rh1 59. Nh4 Ra1 60. Nf5 Rh1 61. Nxh6 Rh2 62. Nf5 Rh1 63. Nd6 Ke6 64. Ne4 Re1 65. f5+ Ke5 66. h6 Kxe4 67. Kg5 Ke5 68. g4 Rh1 69. Kg6 Rh4 70. g5 Kd6 71. h7 Ke7 72. Kg7 Rh5 73. f6+ Ke8 74. f7+ Kd7 75. g6 1-0

[Event "As CC-ch B"]
[Site "As"]
[Date "2018.01.25"]
[Round "3"]
[White "Ronbeck, Bjorn"]
[Black "Samset, Jon"]
[Result "0-1"]
[WhiteElo "1506"]
[BlackElo "1411"]
[PlyCount "76"]
[EventDate "2018.01.11"]
[EventType "swiss"]
[EventRounds "9"]
[EventCountry "NOR"]
[SourceTitle "EXT 2024"]
[Source "ChessBase"]
[SourceDate "2023.10.10"]
[SourceVersion "1"]
[SourceVersionDate "2023.10.10"]
[SourceQuality "1"]

1. e4 c5 2. c3 e5 3. Bc4 Nf6 4. d3 h6 5. Nf3 Nc6 6. a3 d5 7. exd5 Nxd5 8. 0-0 Be6 9. Bb5 Bd6 10. Re1 Qf6 11. d4 0-0 12. Bxc6 e4 13. Rxe4 bxc6 14. c4 Nf4 15. dxc5 Bc7 16. Nc3 Rad8 17. Qe1 Rd3 18. Re3 Nxg2 19. Kxg2 Qg6+ 20. Kh1 Rxe3 21. Bxe3 Qh5 22. Qg1 Qxf3+ 23. Qg2 Qxg2+ 24. Kxg2 Bxc4 25. b4 Be5 26. Rc1 Rd8 27. Nd1 Bb3 28. Nc3 Rd3 29. Ne2 Bd5+ 30. Kf1 Bxh2 31. Nf4 Bxf4 32. Bxf4 Rxa3 33. Rb1 Bc4+ 34. Kg1 Rf3 35. Be3 g5 36. Rc1 Bd5 37. Ra1 Rh3 38. Rxa7 Rh1# 0-1

[Event "As CC-ch B"]
[Site "As"]
[Date "2018.01.18"]
[Round "2"]
[White "Ronbeck, Bjorn"]
[Black "Thowsen, Alf Geir"]
[Result "0-1"]
[WhiteElo "1506"]
[BlackElo "1403"]
[PlyCount "64"]
[EventDate "2018.01.11"]
[EventType "swiss"]
[EventRounds "9"]
[EventCountry "NOR"]
[SourceTitle "EXT 2024"]
[Source "ChessBase"]
[SourceDate "2023.10.10"]
[SourceVersion "1"]
[SourceVersionDate "2023.10.10"]
[SourceQuality "1"]

1. e4 e6 2. d4 d5 3. e5 c5 4. c3 cxd4 5. cxd4 Nc6 6. Bb5 Bd7 7. Ne2 Be7 8. 0-0 f6 9. f4 Qb6 10. Nbc3 Rd8 11. f5 fxe5 12. fxe6 Bxe6 13. Bxc6+ bxc6 14. Na4 Qc7 15. dxe5 Qxe5 16. Nd4 Qd6 17. Bf4 Qd7 18. Nxe6 Qxe6 19. Re1 Qf7 20. Rf1 Nf6 21. Rc1 Rc8 22. Qd3 0-0 23. Rc2 Ne4 24. Rcc1 Qe6 25. Rce1 Qg4 26. Be5 Rce8 27. Rxf8+ Rxf8 28. b4 Rf2 29. Qh3 Qxh3 30. gxh3 Rxa2 31. Nb2 Bxb4 32. Re3 Bc5 0-1

[Event "As Autumn"]
[Site "As"]
[Date "2017.12.07"]
[Round "9"]
[White "Ronbeck, Bjorn"]
[Black "Midtgard, Anders"]
[Result "0-1"]
[WhiteElo "1130"]
[BlackElo "1185"]
[PlyCount "38"]
[EventDate "2017.08.31"]
[EventType "swiss"]
[EventRounds "9"]
[EventCountry "NOR"]
[SourceTitle "EXT 2024"]
[Source "ChessBase"]
[SourceDate "2023.10.10"]
[SourceVersion "1"]
[SourceVersionDate "2023.10.10"]
[SourceQuality "1"]

1. e4 c5 2. c3 d5 3. exd5 Qxd5 4. Bb5+ Nd7 5. Nf3 a6 6. Be2 e5 7. 0-0 Ngf6 8. b3 e4 9. Bc4 Qh5 10. Qe2 b5 11. Bxf7+ Kxf7 12. Re1 exf3 13. Qe6+ Kg6 14. Re3 Bb7 15. d4 Re8 16. Qh3 Qxh3 17. gxh3 Bd6 18. Nd2 Bf4 19. Rxe8 Rxe8 0-1

[Event "As Autumn"]
[Site "As"]
[Date "2017.11.09"]
[Round "8"]
[White "Furnes, Torstein"]
[Black "Ronbeck, Bjorn"]
[Result "1-0"]
[WhiteElo "1583"]
[BlackElo "1130"]
[PlyCount "45"]
[EventDate "2017.08.31"]
[EventType "swiss"]
[EventRounds "9"]
[EventCountry "NOR"]
[SourceTitle "EXT 2024"]
[Source "ChessBase"]
[SourceDate "2023.10.10"]
[SourceVersion "1"]
[SourceVersionDate "2023.10.10"]
[SourceQuality "1"]

1. d4 Nf6 2. c4 e5 3. dxe5 Ng4 4. Nf3 Nc6 5. Bf4 Bb4+ 6. Nbd2 0-0 7. a3 Bc5 8. Ne4 Be7 9. Qd2 Re8 10. h3 Ngxe5 11. Nxe5 Nxe5 12. Bxe5 Bf8 13. Qf4 Bd6 14. Bxd6 cxd6 15. Nxd6 Re7 16. Qd4 Re6 17. e3 a5 18. c5 Rb8 19. Bc4 Rf6 20. Nxf7 Rxf7 21. Bxf7+ Kxf7 22. Qf4+ Kg8 23. Qxb8 1-0

[Event "As CC-ch B"]
[Site "As"]
[Date "2017.03.02"]
[Round "6"]
[White "Simonsen, Steinar"]
[Black "Ronbeck, Bjorn"]
[Result "1/2-1/2"]
[WhiteElo "1218"]
[BlackElo "1168"]
[PlyCount "68"]
[EventDate "2017.01.12"]
[EventType "swiss"]
[EventRounds "9"]
[EventCountry "NOR"]
[SourceTitle "EXT 2024"]
[Source "ChessBase"]
[SourceDate "2023.10.10"]
[SourceVersion "1"]
[SourceVersionDate "2023.10.10"]
[SourceQuality "1"]

1. e4 c5 2. Nf3 d6 3. Nc3 Nc6 4. d4 cxd4 5. Nxd4 Nxd4 6. Qxd4 e5 7. Bb5+ Bd7 8. Bxd7+ Qxd7 9. Qd3 h6 10. Be3 Nf6 11. h3 Be7 12. 0-0 0-0 13. Rad1 a6 14. Nd5 Nxd5 15. Qxd5 Rac8 16. c3 Kh7 17. Qxe5 f5 18. Qd5 f4 19. Bd4 f3 20. e5 fxg2 21. Qxg2 Bg5 22. Qe4+ g6 23. e6 Qe7 24. f4 d5 25. Qe3 Bf6 26. Bxf6 Rxf6 27. Rxd5 Rxe6 28. Re5 Rcc6 29. Re1 Qh4 30. Rxe6 Rxe6 31. Qxe6 Qg3+ 32. Kh1 Qf3+ 33. Kh2 Qf2+ 34. Kh1 Qf3+ 1/2-1/2

[Event "As CC-ch B"]
[Site "As"]
[Date "2017.02.16"]
[Round "5"]
[White "Ronbeck, Bjorn"]
[Black "Samset, Jon"]
[Result "1/2-1/2"]
[WhiteElo "1168"]
[BlackElo "1069"]
[PlyCount "119"]
[EventDate "2017.01.12"]
[EventType "swiss"]
[EventRounds "9"]
[EventCountry "NOR"]
[SourceTitle "EXT 2024"]
[Source "ChessBase"]
[SourceDate "2023.10.10"]
[SourceVersion "1"]
[SourceVersionDate "2023.10.10"]
[SourceQuality "1"]

1. e4 Nc6 2. Nf3 Nf6 3. Nc3 d6 4. h3 g6 5. Bc4 Be6 6. Bxe6 fxe6 7. d3 Bg7 8. Ne2 0-0 9. c3 Qd7 10. Ng5 e5 11. Qb3+ d5 12. exd5 Nxd5 13. a3 Kh8 14. Ng3 h6 15. N5e4 Nf4 16. Bxf4 Rxf4 17. 0-0-0 Rb8 18. Nc5 Qe8 19. Nge4 Na5 20. Qa2 Qc8 21. Ne6 Rf5 22. Nxg7 Kxg7 23. g4 Rf3 24. b4 Nc6 25. Qe2 Qf8 26. Rh2 Qf4+ 27. Kc2 Rf8 28. Rdh1 a5 29. Qd2 Qf7 30. g5 Qa2+ 31. Kd1 Qxd2+ 32. Kxd2 hxg5 33. Ke2 R3f5 34. Nc5 Nd8 35. h4 gxh4 36. bxa5 g5 37. Rg2 Kh6 38. a6 bxa6 39. Nxa6 Ne6 40. Rgh2 Nf4+ 41. Kd2 c6 42. Nc5 h3 43. Ne4 Rd8 44. Nc5 g4 45. a4 e4 46. d4 Rxc5 47. Ke3 Ng2+ 48. Rxg2 Rxc3+ 49. Kd2 Rf3 50. Rxg4 Rxd4+ 51. Ke2 Rxa4 52. Rh4+ Kg5 53. R1xh3 Rxh3 54. Rxh3 Kg4 55. Rg3+ Kf4 56. Rc3 Ra2+ 57. Kf1 e6 58. Rxc6 Kf3 59. Rc3+ Kf4 60. Re3 1/2-1/2

[Event "As Autumn"]
[Site "As"]
[Date "2016.12.08"]
[Round "9"]
[White "Ronbeck, Bjorn"]
[Black "Brenden, Torbjorn"]
[Result "0-1"]
[WhiteElo "1122"]
[BlackElo "1417"]
[PlyCount "98"]
[EventDate "2016.09.01"]
[EventType "swiss"]
[EventRounds "9"]
[EventCountry "NOR"]
[SourceTitle "EXT 2024"]
[Source "ChessBase"]
[SourceDate "2023.10.10"]
[SourceVersion "1"]
[SourceVersionDate "2023.10.10"]
[SourceQuality "1"]

1. d4 d5 2. c4 c6 3. Nc3 g6 4. e4 dxe4 5. Nxe4 Bg7 6. Nf3 Bg4 7. Be2 Nd7 8. 0-0 Ngf6 9. Nxf6+ Nxf6 10. h3 Bf5 11. Bd3 Bxd3 12. Qxd3 0-0 13. b3 Qc7 14. Bg5 Rfe8 15. Rae1 Rad8 16. Ne5 Nd7 17. Nf3 Nf8 18. Rd1 Rd7 19. Be3 e5 20. Qd2 exd4 21. Bf4 Qb6 22. Rfe1 Rxe1+ 23. Rxe1 Ne6 24. Ne5 Rd8 25. Bg3 c5 26. Ng4 a5 27. Nh6+ Kf8 28. Be5 f6 29. Bc7 Nxc7 30. Ng4 Re8 31. Rb1 Re6 32. f3 Ne8 33. Nf2 Nd6 34. Nd3 Qc7 35. Nf4 Re8 36. Nd5 Qd8 37. Qd3 b6 38. h4 Nf5 39. h5 Ne3 40. hxg6 h6 41. Nf4 Qd6 42. Ne2 f5 43. g4 Qxg6 44. Ng3 Qg5 45. Nxf5 Nxf5 46. Qf1 Ne3 47. Qh3 Be5 48. Kf2 Bf4 49. Rh1 d3 0-1

[Event "As Autumn"]
[Site "As"]
[Date "2016.09.29"]
[Round "4"]
[White "Lange, Holger1"]
[Black "Ronbeck, Bjorn"]
[Result "1-0"]
[WhiteElo "1624"]
[BlackElo "1122"]
[PlyCount "71"]
[EventDate "2016.09.01"]
[EventType "swiss"]
[EventRounds "9"]
[EventCountry "NOR"]
[SourceTitle "EXT 2024"]
[Source "ChessBase"]
[SourceDate "2023.10.10"]
[SourceVersion "1"]
[SourceVersionDate "2023.10.10"]
[SourceQuality "1"]

1. e4 e5 2. Nf3 Nc6 3. d4 exd4 4. Bc4 h6 5. Nxd4 Nxd4 6. Qxd4 Qf6 7. Qd3 Qg6 8. 0-0 Bc5 9. Nc3 Ne7 10. Bf4 c6 11. a4 a5 12. Rad1 0-0 13. Bg3 Rd8 14. Bc7 Re8 15. Kh1 Kh8 16. Bg3 Ng8 17. f4 Qd6 18. Qxd6 Bxd6 19. Rxd6 b6 20. Bxf7 Rf8 21. Bc4 Ra7 22. e5 Ne7 23. Bd3 Rd8 24. Bh4 Re8 25. f5 Ng8 26. Re1 Rf8 27. g4 Rc7 28. Ne2 Bb7 29. Nf4 Re8 30. Rf1 c5+ 31. Kg1 Bc6 32. b3 Rb8 33. Ng6+ Kh7 34. f6 gxf6 35. exf6 Re8 36. f7 1-0

[Event "As Autumn"]
[Site "As"]
[Date "2016.09.08"]
[Round "2"]
[White "Johnson, David"]
[Black "Ronbeck, Bjorn"]
[Result "1-0"]
[WhiteElo "1443"]
[BlackElo "1122"]
[PlyCount "29"]
[EventDate "2016.09.01"]
[EventType "swiss"]
[EventRounds "9"]
[EventCountry "NOR"]
[SourceTitle "EXT 2024"]
[Source "ChessBase"]
[SourceDate "2023.10.10"]
[SourceVersion "1"]
[SourceVersionDate "2023.10.10"]
[SourceQuality "1"]

1. e4 e5 2. Nf3 Nc6 3. Bc4 Nf6 4. Ng5 d5 5. exd5 Nxd5 6. Nxf7 Kxf7 7. Qf3+ Ke8 8. Bxd5 Be6 9. Bxe6 Qe7 10. Bb3 Nd4 11. Qxb7 Rd8 12. 0-0 Ne2+ 13. Kh1 Qh4 14. Qb5+ Rd7 15. Qxe2 1-0

[Event "AS CC-ch B"]
[Site "As"]
[Date "2016.02.11"]
[Round "4"]
[White "Ronbeck, Bjorn"]
[Black "Garmark, Vegard"]
[Result "1-0"]
[WhiteElo "1115"]
[BlackElo "1202"]
[PlyCount "59"]
[EventDate "2016.01.14"]
[EventType "swiss"]
[EventRounds "9"]
[EventCountry "NOR"]
[SourceTitle "EXT 2024"]
[Source "ChessBase"]
[SourceDate "2023.10.10"]
[SourceVersion "1"]
[SourceVersionDate "2023.10.10"]
[SourceQuality "1"]

1. f4 Nf6 2. b3 d5 3. Ba3 c5 4. d4 cxd4 5. Qxd4 Nc6 6. Qd1 Ne4 7. e3 Qa5+ 8. b4 Nxb4 9. Bxb4 Qxb4+ 10. Nd2 Qc3 11. Bb5+ Bd7 12. Bxd7+ Kxd7 13. Ne2 Qxe3 14. Nxe4 Qxe4 15. 0-0 e6 16. f5 e5 17. Rb1 b6 18. c3 Rc8 19. Kh1 Bc5 20. Ng3 Qc4 21. Re1 f6 22. Re4 Qxc3 23. Qxd5+ Bd6 24. Qe6+ Kd8 25. Qxd6+ Ke8 26. Qe6+ Kf8 27. Rbe1 Rc6 28. Qd5 Qc5 29. Qd8+ Kf7 30. Qxh8 1-0

[Event "As Autumn"]
[Site "As"]
[Date "2015.11.05"]
[Round "8"]
[White "Ronbeck, Bjorn"]
[Black "Samset, Jon"]
[Result "0-1"]
[WhiteElo "1148"]
[BlackElo "1113"]
[PlyCount "62"]
[EventDate "2015.09.03"]
[EventType "swiss"]
[EventRounds "9"]
[EventCountry "NOR"]
[SourceTitle "EXT 2024"]
[Source "ChessBase"]
[SourceDate "2023.10.10"]
[SourceVersion "1"]
[SourceVersionDate "2023.10.10"]
[SourceQuality "1"]

1. e4 g6 2. d4 d6 3. Bg5 Bg7 4. c3 Nf6 5. Nd2 0-0 6. h3 Nc6 7. Bd3 b6 8. Ne2 Bb7 9. d5 Ne5 10. Bc2 Ba6 11. f3 Qd7 12. Nd4 Nh5 13. f4 Ng3 14. Rg1 Nc4 15. Nxc4 Bxd4 16. cxd4 Bxc4 17. Qf3 Ne2 18. Bd3 Nxg1 19. Qf1 b5 20. Bxc4 bxc4 21. Qxg1 f6 22. Bh6 Rfb8 23. Qf2 Qb5 24. Rb1 Qa5+ 25. b4 Rxb4 26. Rxb4 Qxb4+ 27. Ke2 Qb2+ 28. Ke3 Qxf2+ 29. Kxf2 c3 30. f5 g5 31. h4 c2 0-1

[Event "As Autumn"]
[Site "As"]
[Date "2015.10.29"]
[Round "7"]
[White "Ronbeck, Bjorn"]
[Black "Kjelstrup, Joachim"]
[Result "0-1"]
[WhiteElo "1148"]
[BlackElo "1062"]
[PlyCount "53"]
[EventDate "2015.09.03"]
[EventType "swiss"]
[EventRounds "9"]
[EventCountry "NOR"]
[SourceTitle "EXT 2024"]
[Source "ChessBase"]
[SourceDate "2023.10.10"]
[SourceVersion "1"]
[SourceVersionDate "2023.10.10"]
[SourceQuality "1"]

1. f4 d5 2. d4 Nf6 3. Nf3 e6 4. e3 c5 5. c3 Nc6 6. Bb5 Bd7 7. Nbd2 Be7 8. Nb3 Ne4 9. Nbd2 Nf6 10. Bd3 0-0 11. 0-0 Ng4 12. e4 Ne3 13. Qe2 Nxf1 14. Kxf1 Re8 15. e5 Rf8 16. Kg1 Qc7 17. Nf1 f6 18. Be3 fxe5 19. fxe5 h6 20. Qf2 Nd8 21. Qg3 Nf7 22. Qg6 Ng5 23. Ng3 Be8 24. Nxg5 Bxg6 25. Nxe6 Qb6 26. Nxf8 Bxd3 27. Nd7 0-1

[Event "Follo CC-ch"]
[Site "Follo"]
[Date "2015.04.13"]
[Round "9"]
[White "Ronbeck, Bjorn"]
[Black "Garmark, Vegard"]
[Result "0-1"]
[WhiteElo "1158"]
[BlackElo "1219"]
[PlyCount "82"]
[EventDate "2015.01.15"]
[EventType "swiss"]
[EventRounds "9"]
[EventCountry "NOR"]
[SourceTitle "EXT 2017"]
[Source "ChessBase"]
[SourceDate "2016.10.25"]
[SourceVersion "1"]
[SourceVersionDate "2016.10.25"]
[SourceQuality "1"]

1. e4 d5 2. exd5 Qxd5 3. Nc3 Qa5 4. d3 e5 5. Bd2 c6 6. Nf3 Bg4 7. Be2 Nf6 8. Ne4 Qc7 9. Nxf6+ gxf6 10. Nh4 Be6 11. Bg4 Rg8 12. Bxe6 fxe6 13. g3 Na6 14. a3 0-0-0 15. Be3 Be7 16. Qe2 f5 17. 0-0-0 Bxh4 18. gxh4 Rg4 19. Bg5 Rd5 20. h3 Rgd4 21. Qh5 b6 22. Qe8+ Kb7 23. Rhg1 Qd7 24. Qh5 Nc7 25. Bf6 Ne8 26. Qh6 Ka6 27. Bg7 Rf4 28. Rd2 c5 29. Bh8 Rf3 30. Qh5 e4 31. Rg3 Rxg3 32. fxg3 exd3 33. cxd3 Nd6 34. Qe2 Nf7 35. Bf6 Nd6 36. d4+ Kb7 37. dxc5 Rxc5+ 38. Kb1 Qc6 39. Rd1 Ne4 40. Bd4 Rc2 41. Be5 Rxe2 0-1

[Event "Follo CC-ch"]
[Site "Follo"]
[Date "2015.02.19"]
[Round "3"]
[White "Fuglseth, Jan"]
[Black "Ronbeck, Bjorn"]
[Result "0-1"]
[WhiteElo "1404"]
[BlackElo "1158"]
[PlyCount "104"]
[EventDate "2015.01.15"]
[EventType "swiss"]
[EventRounds "9"]
[EventCountry "NOR"]
[SourceTitle "EXT 2017"]
[Source "ChessBase"]
[SourceDate "2016.10.25"]
[SourceVersion "1"]
[SourceVersionDate "2016.10.25"]
[SourceQuality "1"]

1. c4 e6 2. Nc3 Bb4 3. g3 c6 4. a3 Bxc3 5. bxc3 d5 6. cxd5 cxd5 7. Nf3 b6 8. Bg2 Bb7 9. 0-0 Ne7 10. d4 Ba6 11. Re1 0-0 12. Bg5 f6 13. Bd2 Nd7 14. e4 Bb7 15. exd5 Bxd5 16. Qa4 Qc7 17. Rac1 Qb7 18. Nh4 e5 19. Bxd5+ Qxd5 20. Ng2 Rf7 21. Be3 Nf5 22. Red1 Qe6 23. d5 Qe8 24. c4 g5 25. Bd2 Qc8 26. Qc2 Nh6 27. Qe4 Nc5 28. Qe2 Qh3 29. Ne3 e4 30. Qf1 Qxf1+ 31. Kxf1 f5 32. Ng2 Nd3 33. Rc3 Ng4 34. Be3 Nxh2+ 35. Ke2 f4 36. gxf4 gxf4 37. Nxf4 Nxf4+ 38. Kd2 Nd3 39. Rh1 Nf3+ 40. Ke2 Rg7 41. Rxd3 Ng1+ 42. Kf1 exd3 43. Rxg1 Rxg1+ 44. Kxg1 Rc8 45. d6 Kf7 46. Kf1 Rxc4 47. Ke1 Rc3 48. Kd2 Rxa3 49. f4 Ke6 50. f5+ Kxd6 51. Bd4 Ke7 52. Bc3 Rxc3 0-1

[Event "Follo CC-ch"]
[Site "Follo"]
[Date "2015.02.01"]
[Round "2"]
[White "Ronbeck, Bjorn"]
[Black "Ruud, Kjetil"]
[Result "0-1"]
[WhiteElo "1158"]
[BlackElo "1301"]
[PlyCount "56"]
[EventDate "2015.01.15"]
[EventType "swiss"]
[EventRounds "9"]
[EventCountry "NOR"]
[SourceTitle "EXT 2017"]
[Source "ChessBase"]
[SourceDate "2016.10.25"]
[SourceVersion "1"]
[SourceVersionDate "2016.10.25"]
[SourceQuality "1"]

1. b3 d5 2. Ba3 Bf5 3. d3 Nd7 4. Nd2 c5 5. e4 dxe4 6. dxe4 Bxe4 7. Nxe4 Qa5+ 8. Qd2 Qxa3 9. Bb5 0-0-0 10. Rd1 Qb4 11. Nc3 Ngf6 12. Nf3 Qg4 13. 0-0 a6 14. Ne5 Qe6 15. Bxd7+ Nxd7 16. Rfe1 g6 17. Qf4 Nxe5 18. Rxd8+ Kxd8 19. Rxe5 Bh6 20. Qe4 Qc6 21. Qh4 g5 22. Rd5+ Qxd5 23. Qg3 Qd6 24. Qf3 Bg7 25. Ne4 Qe5 26. g3 Kc7 27. Nd2 b5 28. Qxf7 Rf8 0-1